000 00917nam a2200241 4500
001 0000022071
005 20250331191053.0
008 160627s1999 000 0 eng d
020 _a9583502146
040 _aCO-CtgCURN
_bspa
_ccoctgcurn
082 0 _aR340.03
_bG47d
100 1 _aGiraldo Gómez, María Elena.
245 1 0 _aDicciónario juridico :
_bevolucion de la jurisprudencia del Consejo de Estado de Colombia /
_cMaría Elena Giraldo Gómez y Nubia González Ceron.
260 _aBogotá :
_bTemis,
_c1999.
300 _a3 v.
650 0 _aDerecho
_vDicciónarios, enciclopedias, etc.
700 1 _aGonzález Ceron, Nubia.
908 _a160627
942 _cREF
_hR340.03
_iG47d
999 _c26347
_d26347
_x3